000 00562nam a2200181Ia 4500
008 100921s9999 xx 000 0 und d
082 _b15587
_a891.463 थ 77
100 _aभावे पुरूषोत्तम भास्कर.
245 _aमुिक्त.
260 _bनागपूर प्रकाशन,नागपूर.
_c1977
300 _a0
_b---
365 _b13
520 _aललित-कथा.
630 _aमुिक्त.
650 _aललित-कथा.
730 _aमुिक्त.
942 _cBOOK
999 _c764700
_d764697